| 000 | 00356nam a2200133Ia 4500 | ||
|---|---|---|---|
| 008 | 190927s9999||||xx |||||||||||||| ||und|| | ||
| 082 |
_a242 _bPAN/S |
||
| 100 | _aPandey, Ram tej | ||
| 245 | 0 | _cSrimad Devi Bhagvatam (Mahapuranam) : Askandha - 1st to 12 | |
| 250 | _a1 | ||
| 260 |
_aVaranasi _bChaukhambha Vidyabhavan _c1994 |
||
| 300 | _a826 | ||
| 942 | _cBK | ||
| 999 |
_c12852 _d12852 |
||